00793nam a2200265Ia 4500008004100000020001500041050000800056050001400064100002000078245004400098245005500142260002400197260002100221260000900242300002000251300002000271300001000291500003300301650001800334650001700352700002100369700001100390999001900401952010700420171025s9999 xx 000 0 und d a1570251290 a598 bEr68 1996 aErickson, Laura aSharing the wonder of birds with kids / cby Laura Erickson ; illustrated by Kathryn Marsaa. aDuluth, Minnesota : bPfeifer-Hamiton, c1996 axi, 195 pages : billustrations ; c23cm. aIncludes appendix and index. aAves (Birds). aOrnithology. aMarsaa, Kathryn. aTitle. c344658d344658 001040aSSISMbSSISMd2017-10-25l0oNF 598 Er68 1996pSSISM3711r2017-10-25 00:00:00w2017-10-25yBK